Political communication: A new introduction for crisis times (Record no. 5372)

MARC details
000 -LEADER
fixed length control field 00488nam a2200169Ia 4500
008 - FIXED-LENGTH DATA ELEMENTS--GENERAL INFORMATION
fixed length control field 230917s9999||||xx |||||||||||||| ||und||
020 ## - ISBN
Price USD 24.95 (RS 1870.00)
040 ## - CATALOGING SOURCE
-- 5011393
Original cataloging agency VIVEKANANDA LIBRARY
041 ## - Language
-- English
082 ## - DDC NUMBER
Classification number 320.014 D36P
100 ## - MAIN ENTRY--PERSONAL NAME
Personal name Davis, Aeron
245 #0 - TITLE STATEMENT
Title Political communication: A new introduction for crisis times
260 ## - PUBLICATION, DISTRIBUTION, ETC. (IMPRINT)
Place of publication, distribution, etc Cambridge
Name of publisher, distributor, etc Polity Press
Date of publication, distribution, etc 2019
300 ## - PHYSICAL DESCRIPTION
Pages 262 p.
500 ## - GENERAL NOTE
General note 4512 28/01/2022 HBD22/9240 28/01/2022 Main Budget
942 ## - ADDED ENTRY ELEMENTS (KOHA)
Koha item type Books
Holdings
Withdrawn status Lost status Damaged status Not for loan Location (home branch) Sublocation or collection (holding branch) Date acquired Koha issues (times borrowed) Koha full call number Accession No. Koha date last seen Koha item type
        VIVEKANANDA LIBRARY VIVEKANANDA LIBRARY 25/03/2022   320.014 D36P 400640 17/09/2023 Books
© Designed and Maintained by Vivekananda Library, MDU Rohtak